[Event "Vrsac"]
[Site "Vrsac"]
[Date "1989.??.??"]
[Round "6"]
[White "Cvitan, Ognjen"]
[Black "Velimirovic, Dragoljub"]
[Result "1-0"]
[WhiteElo "2515"]
[BlackElo "2535"]
[Annotator "ChessBase"]
[PlyCount "89"]
[EventDate "1989.09.??"]
[EventType "tourn"]
[EventRounds "11"]
[EventCountry "YUG"]
[EventCategory "10"]
[Source "ChessBase"]
[SourceDate "1990.04.01"]
[WhiteTeamCountry "USA"]
[BlackTeamCountry "YUG"]

1. d4 c5 2. d5 Nf6 3. c4 g6 4. Nc3 Bg7 5. e4 d6 6. Nf3 O-O 7. h3 e6 8. Bd3 exd5
9. cxd5 b5 $6 (9... Re8 10. O-O c4 11. Bc2 b5 $1 {
Lalic,B-Velimirovic,D/Vrsac/1989/ =/+ ->}) (9... Nh5 10. O-O Nd7 11. Bg5 Bf6
12. Bh6 Re8 $6 13. Qd2 a6 14. g4 $16 {Zaitshik-Romanishin,O/Tbilisi/1988/}) 10.
Bxb5 $1 Nxe4 11. Nxe4 Qa5+ 12. Nfd2 Qxb5 13. Nxd6 Qd7 $2 (13... Qa6 $1 14. N2c4
Nd7 15. O-O Nb6 16. Nxb6 Qxb6 17. Nxc8 Raxc8 18. Qc2 Rfd8 19. Rd1 Bd4 {
Salov,V-Tal,M/Skeleftea WCup/1989/1/2-1/2/  -> CBM 14}) 14. N2c4 Qe7+ 15. Be3
Nd7 16. O-O Nb6 17. Re1 $16 Ba6 18. Bxc5 Qc7 19. Nxb6 $1 Qxc5 20. Nxa8 Qxd6 21.
Rc1 $1 Bxb2 (21... Rxa8 22. Rc6) 22. Rc2 Bg7 23. Nc7 Bb7 24. Ne8 $1 Qxd5 25.
Qxd5 Bxd5 26. Nxg7 Kxg7 27. Re5 Be6 28. Ra5 Ra8 29. Rc6 h5 30. h4 Kf6 31. f3
Rb8 32. Kh2 Rb2 33. a4 Rd2 34. Kg3 Rd1 35. Rxa7 Ke5 36. Ra5+ Kf6 37. Rb6 Ra1
38. Ra7 Ke5 39. a5 Bc4 40. Re7+ Kd4 41. Rb4 Kc5 42. Rxc4+ Kxc4 43. Rxf7 Rxa5
44. Rf6 g5 45. Rh6 1-0

[Event "Vrsac"]
[Site "Vrsac"]
[Date "1989.??.??"]
[Round "7"]
[White "Velimirovic, Dragoljub"]
[Black "Popovic, Petar"]
[Result "1-0"]
[WhiteElo "2535"]
[BlackElo "2550"]
[PlyCount "83"]
[EventDate "1989.09.??"]
[EventType "tourn"]
[EventRounds "11"]
[EventCountry "YUG"]
[EventCategory "10"]
[Source "ChessBase"]
[SourceDate "1990.04.01"]
[WhiteTeamCountry "USA"]
[BlackTeamCountry "YUG"]

1. e4 c5 2. Nf3 d6 3. d4 cxd4 4. Nxd4 Nf6 5. Nc3 Nc6 6. Bc4 Qb6 7. Nb3 e6 8.
Bg5 Bd7 9. O-O Ne5 10. Be2 Be7 11. Qd2 O-O 12. Rad1 Rac8 13. Be3 Qc7 14. f4
Neg4 15. Bxg4 Nxg4 16. Bd4 Bc6 17. Qe2 Nf6 18. e5 dxe5 19. fxe5 Nd5 20. Ne4 Kh8
21. c4 Nb6 22. Nd6 Bxd6 23. exd6 Qd8 24. Rd3 f6 25. Qxe6 Nxc4 26. Qxc4 Bxg2 27.
Qe6 Bxf1 28. Kxf1 b6 29. Bc3 Rc6 30. Be1 Re8 31. Qf7 Rf8 32. Qd5 Qd7 33. Bg3
Re8 34. Rc3 Rxc3 35. bxc3 Qg4 36. Qd3 h5 37. Nd4 h4 38. Bf2 Qf4 39. d7 Qc1+ 40.
Kg2 Qg5+ 41. Kh3 Rd8 42. Ne6 1-0

[Event "Vrsac"]
[Site "Vrsac"]
[Date "1989.??.??"]
[Round "8"]
[White "Lalic, Bogdan"]
[Black "Velimirovic, Dragoljub"]
[Result "1/2-1/2"]
[WhiteElo "2500"]
[BlackElo "2535"]
[PlyCount "115"]
[EventDate "1989.09.??"]
[EventType "tourn"]
[EventRounds "11"]
[EventCountry "YUG"]
[EventCategory "10"]
[Source "ChessBase"]
[SourceDate "1990.04.01"]
[WhiteTeamCountry "USA"]
[BlackTeamCountry "YUG"]

1. d4 Nf6 2. c4 c5 3. d5 e6 4. Nc3 exd5 5. cxd5 d6 6. e4 g6 7. Nf3 Bg7 8. h3
O-O 9. Bd3 Re8 10. O-O c4 11. Bc2 b5 12. Nxb5 Nxe4 13. Bxe4 Rxe4 14. Re1 Rxe1+
15. Qxe1 Bb7 16. Qe4 Nd7 17. Bg5 Qb6 18. Qxc4 Rc8 19. Qf1 Bxd5 20. Be3 Qa6 21.
Nxa7 Bc4 22. Qd1 Ra8 23. Rc1 Bxb2 24. Rc2 Bg7 25. Nd2 Bxa2 26. Rc6 Qd3 27. Qa4
Be6 28. Rc8+ Rxc8 29. Nxc8 h6 30. Nf3 Kh7 31. Qh4 Bd5 32. Ng5+ Kh8 33. Ne7 Qc4
34. Qxc4 Bxc4 35. Ne4 d5 36. Nd6 Bf8 37. Bd4+ Kh7 38. Nxc4 dxc4 39. Nd5 Bc5 40.
Bxc5 Nxc5 41. Kf1 g5 42. Ke2 Kg6 43. Ke3 Nd3 44. Kd4 Nxf2 45. Kxc4 Kf5 46. Kd4
Nd1 47. g4+ Ke6 48. Nc7+ Kf6 49. Nd5+ Kg7 50. Ke4 Nf2+ 51. Kf3 Nxh3 52. Kg2
Nf4+ 53. Nxf4 gxf4 54. Kf3 Kg6 55. Kxf4 Kf6 56. Kf3 Ke5 57. Ke3 Kd5 58. Kd3
1/2-1/2

[Event "Vrsac"]
[Site "Vrsac"]
[Date "1989.??.??"]
[Round "9"]
[White "Velimirovic, Dragoljub"]
[Black "Damljanovic, Branko"]
[Result "1/2-1/2"]
[WhiteElo "2535"]
[BlackElo "2555"]
[Annotator "ChessBase"]
[PlyCount "67"]
[EventDate "1989.09.??"]
[EventType "tourn"]
[EventRounds "11"]
[EventCountry "YUG"]
[EventCategory "10"]
[Source "ChessBase"]
[SourceDate "1990.04.01"]
[WhiteTeamCountry "USA"]
[BlackTeamCountry "YUG"]

1. e4 c5 2. Nf3 Nc6 3. d4 cxd4 4. Nxd4 Nf6 5. Nc3 d6 6. Bc4 Qb6 7. Nb3 e6 8.
Bg5 Bd7 9. O-O Ne5 10. Be2 Be7 11. Be3 (11. Qd2 O-O 12. Rad1 Rac8 13. Be3 Qc7
14. f4 Neg4 15. Bxg4 Nxg4 16. Bd4 Bc6 $10 17. Qe2 Nf6 18. e5 dxe5 $6 {
>= 11...Ne8!} 19. fxe5 Nd5 $2 (19... Nd7 20. Rd3 $1 {/\ 21.Rh3}) 20. Ne4 Kh8
21. c4 Nb6 22. Nd6 $1 {Velimirovic,E-Popovic,P/Vrsac/1989/42/1-0/ ->}) 11...
Qc7 12. f4 Nc4 13. Bxc4 Qxc4 14. e5 $6 Ne4 15. exd6 Nxd6 16. Bc5 Nf5 17. Bxe7
Nxe7 18. Qd6 Nf5 19. Qa3 b5 20. Qc5 Qxc5+ 21. Nxc5 Bc6 $10 22. b4 Ne3 23. Rfc1
O-O 24. a4 bxa4 25. b5 Be8 26. N5xa4 Rc8 27. Ra3 Nc4 28. Rb3 f5 29. Ne2 a6 30.
Nac3 Bxb5 31. Nxb5 axb5 32. Rxb5 Rfd8 33. Kf2 Na3 34. Re5 1/2-1/2

[Event "Vrsac"]
[Site "Vrsac"]
[Date "1989.??.??"]
[Round "10"]
[White "Velimirovic, Dragoljub"]
[Black "Ivanovic, Bozidar"]
[Result "1/2-1/2"]
[WhiteElo "2535"]
[BlackElo "2545"]
[PlyCount "26"]
[EventDate "1989.09.??"]
[EventType "tourn"]
[EventRounds "11"]
[EventCountry "YUG"]
[EventCategory "10"]
[Source "ChessBase"]
[SourceDate "1990.04.01"]
[WhiteTeamCountry "USA"]
[BlackTeamCountry "YUG"]

1. e4 e5 2. Nf3 Nc6 3. Bb5 a6 4. Ba4 Nf6 5. O-O Be7 6. Bxc6 dxc6 7. Re1 Nd7 8.
c3 O-O 9. d4 exd4 10. cxd4 Nb6 11. h3 c5 12. d5 f5 13. Nc3 fxe4 1/2-1/2

[Event "Vrsac"]
[Site "Vrsac"]
[Date "1989.??.??"]
[Round "11"]
[White "Vasiukov, Evgeni"]
[Black "Velimirovic, Dragoljub"]
[Result "1-0"]
[WhiteElo "2515"]
[BlackElo "2535"]
[PlyCount "41"]
[EventDate "1989.09.??"]
[EventType "tourn"]
[EventRounds "11"]
[EventCountry "YUG"]
[EventCategory "10"]
[Source "ChessBase"]
[SourceDate "1990.04.01"]
[WhiteTeamCountry "USA"]
[BlackTeamCountry "YUG"]

1. e4 c5 2. c3 e6 3. d4 d5 4. e5 Nc6 5. Nf3 f5 6. Be2 c4 7. b3 cxb3 8. axb3 Be7
9. h4 Nh6 10. Bxh6 gxh6 11. Qc1 Qb6 12. Qxh6 Qxb3 13. Qg7 Rf8 14. O-O Qc2 15.
Bd1 Qb2 16. Ng5 Kd8 17. Nxh7 Re8 18. Bh5 Bd7 19. Na3 Bxh4 20. Bxe8 Bxe8 21. Nf8
1-0

[Event "YUG-chT 41st"]
[Site "Zlatibor"]
[Date "1989.08.28"]
[Round "1"]
[White "Damljanovic, Branko"]
[Black "Velimirovic, Dragoljub"]
[Result "1-0"]
[WhiteElo "2555"]
[BlackElo "2535"]
[PlyCount "85"]
[EventDate "1989.09.??"]
[EventType "team"]
[EventRounds "9"]
[EventCountry "YUG"]
[Source "ChessBase"]
[SourceDate "1999.11.16"]
[WhiteTeam "Partizan"]
[BlackTeam "Crvena Zvezda"]
[WhiteTeamCountry "YUG"]
[BlackTeamCountry "YUG"]

1. d4 Nf6 2. Nf3 c5 3. d5 g6 4. Nc3 Bg7 5. e4 O-O 6. Be2 d6 7. O-O e6 8. Nd2
exd5 9. exd5 Re8 10. Nc4 b6 11. a4 Ne4 12. Nxe4 Rxe4 13. Bd3 Rh4 14. g3 Rd4 15.
Be3 Rxd5 16. Qf3 Bb7 17. Be4 Rf5 18. Qxf5 gxf5 19. Bxb7 Nd7 20. Nxd6 Rb8 21.
Bg2 Bxb2 22. Rad1 Qf6 23. Rd5 Ne5 24. Rfd1 Ng4 25. Rxf5 Nxe3 26. Rxf6 Nxd1 27.
Rf5 f6 28. Bd5+ Kg7 29. Rf4 h5 30. Nf5+ Kg6 31. Ne7+ Kh6 32. Bf3 Re8 33. Nf5+
Kg5 34. h4+ Kg6 35. Bxh5+ Kxh5 36. Ng7+ Kg6 37. Nxe8 Be5 38. Rf3 c4 39. g4 Nc3
40. Kf1 Nxa4 41. Rf5 Nc5 42. f4 Bc3 43. h5+ 1-0

[Event "YUG-chT 41st"]
[Site "Zlatibor"]
[Date "1989.08.29"]
[Round "2"]
[White "Velimirovic, Dragoljub"]
[Black "Raicevic, Vladimir"]
[Result "0-1"]
[WhiteElo "2535"]
[BlackElo "2450"]
[PlyCount "79"]
[EventDate "1989.09.??"]
[EventType "team"]
[EventRounds "9"]
[EventCountry "YUG"]
[Source "ChessBase"]
[SourceDate "1999.11.16"]
[WhiteTeam "Crvena Zvezda"]
[BlackTeam "Belgrade Radnicki"]
[WhiteTeamCountry "YUG"]
[BlackTeamCountry "YUG"]

1. e4 e6 2. d4 d5 3. Nc3 Bb4 4. e5 Qd7 5. a3 Bxc3+ 6. bxc3 b6 7. a4 Ba6 8. Bxa6
Nxa6 9. Qg4 f5 10. Qh5+ g6 11. Qe2 Nb8 12. Nf3 Nc6 13. c4 h6 14. O-O Nge7 15.
cxd5 Qxd5 16. Bb2 O-O-O 17. Qa6+ Kb8 18. Bc3 Ka8 19. Rfb1 Rb8 20. Qe2 g5 21.
Rb5 Qd7 22. Qc4 Rhd8 23. a5 g4 24. Ne1 Nxd4 25. Bxd4 Qxd4 26. Qa2 Rb7 27. Rb3
Rd5 28. axb6 cxb6 29. Ra3 Nc6 30. Nd3 Na5 31. Ra4 Qc3 32. Qb1 Rc7 33. R4a2 h5
34. g3 Nc4 35. Qe1 Nd2 36. Qe3 Nf3+ 37. Kg2 Ra5 38. Rxa5 bxa5 39. Ra2 Qc6 40.
Kf1 0-1

[Event "YUG-chT 41st"]
[Site "Zlatibor"]
[Date "1989.08.30"]
[Round "3"]
[White "Jukic, Mirko"]
[Black "Velimirovic, Dragoljub"]
[Result "1/2-1/2"]
[WhiteElo "2440"]
[BlackElo "2535"]
[PlyCount "25"]
[EventDate "1989.09.??"]
[EventType "team"]
[EventRounds "9"]
[EventCountry "YUG"]
[Source "ChessBase"]
[SourceDate "1999.11.16"]
[WhiteTeam "Ljubljana Iskra"]
[BlackTeam "Crvena Zvezda"]
[WhiteTeamCountry "YUG"]
[BlackTeamCountry "YUG"]

1. d4 Nf6 2. Nf3 g6 3. c4 Bg7 4. g3 c5 5. Bg2 Qa5+ 6. Nc3 Ne4 7. Qd3 cxd4 8.
Nxd4 Nc5 9. Qd1 Nc6 10. Be3 Na4 11. Qxa4 Qxa4 12. Nxa4 Nxd4 13. Rc1 1/2-1/2

[Event "YUG-chT 41st"]
[Site "Zlatibor"]
[Date "1989.09.??"]
[Round "4"]
[White "Velimirovic, Dragoljub"]
[Black "Dizdarevic, Emir"]
[Result "1-0"]
[WhiteElo "2535"]
[BlackElo "2495"]
[PlyCount "75"]
[EventDate "1989.09.??"]
[EventType "team"]
[EventRounds "9"]
[EventCountry "YUG"]
[Source "ChessBase"]
[SourceDate "1999.11.16"]
[WhiteTeam "Crvena Zvezda"]
[BlackTeam "Sarajevo Bosna"]
[WhiteTeamCountry "YUG"]
[BlackTeamCountry "YUG"]

1. e4 c5 2. Nf3 e6 3. d4 cxd4 4. Nxd4 a6 5. c4 d6 6. Nc3 Nd7 7. f4 Ngf6 8. Be2
b6 9. Bf3 Bb7 10. g4 Nc5 11. Qe2 e5 12. Nc2 exf4 13. Bxf4 h5 14. g5 Ne6 15.
gxf6 Nxf4 16. Qe3 Ne6 17. e5 Qd7 18. Nd5 Rb8 19. exd6 Qxd6 20. O-O-O g6 21. Kb1
Bh6 22. Qe1 Rd8 23. Rg1 Bc8 24. Ne7 Qc7 25. Nxc8 Qxc8 26. Bd5 O-O 27. Rxg6+ Kh7
28. Rg2 Rg8 29. Re2 Nf4 30. Re7 Qg4 31. Ne3 Qg5 32. h4 Qg3 33. Rxf7+ Kh8 34.
Be4 Rxd1+ 35. Nxd1 Rg6 36. Rh7+ Kg8 37. f7+ Kf8 38. Qb4+ 1-0

[Event "YUG-chT 41st"]
[Site "Zlatibor"]
[Date "1989.09.??"]
[Round "5"]
[White "Simic, Radoslav"]
[Black "Velimirovic, Dragoljub"]
[Result "1-0"]
[WhiteElo "2460"]
[BlackElo "2535"]
[PlyCount "107"]
[EventDate "1989.09.??"]
[EventType "team"]
[EventRounds "9"]
[EventCountry "YUG"]
[Source "ChessBase"]
[SourceDate "1999.11.16"]
[WhiteTeam "Gosa"]
[BlackTeam "Crvena Zvezda"]
[WhiteTeamCountry "YUG"]
[BlackTeamCountry "YUG"]

1. d4 c5 2. c3 e6 3. g3 Nf6 4. Bg2 Nc6 5. Nf3 cxd4 6. cxd4 Bb4+ 7. Bd2 Qb6 8.
Bxb4 Qxb4+ 9. Qd2 Ne4 10. Qxb4 Nxb4 11. Na3 d5 12. O-O Bd7 13. Rfc1 Ke7 14. Rc7
Nd6 15. Nc2 Na6 16. Rc3 Ne4 17. Rb3 Rhc8 18. Nfe1 Nd6 19. Rd3 Rc7 20. b3 Rac8
21. Rd2 Ne4 22. Bxe4 dxe4 23. Ne3 Rc1 24. Rxc1 Rxc1 25. Rd1 Rxd1 26. Nxd1 Nb4
27. Nc3 Bc6 28. f3 exf3 29. exf3 Nd5 30. Nxd5+ Bxd5 31. Kf2 a5 32. Nd3 Kd6 33.
Ke3 a4 34. bxa4 Bxa2 35. a5 f6 36. f4 Bc4 37. Nc5 Kc6 38. g4 Bd5 39. a6 b6 40.
a7 Kd6 41. Na6 g5 42. fxg5 fxg5 43. Nb4 Ba8 44. Nd3 b5 45. Ne5 b4 46. Kd3 b3
47. Nf7+ Ke7 48. Nxg5 h6 49. Nh3 e5 50. dxe5 Ke6 51. Kc3 Kxe5 52. Kxb3 Ke4 53.
Kc4 Kf3 54. Nf2 1-0

[Event "YUG-chT 41st"]
[Site "Zlatibor"]
[Date "1989.09.??"]
[Round "6"]
[White "Velimirovic, Dragoljub"]
[Black "Davidovic, Aleksandar"]
[Result "1-0"]
[WhiteElo "2535"]
[BlackElo "2420"]
[PlyCount "81"]
[EventDate "1989.09.??"]
[EventType "team"]
[EventRounds "9"]
[EventCountry "YUG"]
[Source "ChessBase"]
[SourceDate "1999.11.16"]
[WhiteTeam "Crvena Zvezda"]
[BlackTeam "Zeleznicar"]
[WhiteTeamCountry "YUG"]
[BlackTeamCountry "YUG"]

1. e4 e5 2. Nf3 Nf6 3. d4 Nxe4 4. Bd3 d5 5. Nxe5 Nd7 6. O-O Nxe5 7. dxe5 Nc5 8.
Nc3 Nxd3 9. cxd3 Be6 10. d4 Qd7 11. Qb3 c6 12. Ne2 Be7 13. Qg3 O-O-O 14. Bg5 f6
15. exf6 gxf6 16. Bf4 h5 17. Qc3 Bd6 18. b4 Kb8 19. Bxd6+ Qxd6 20. Qg3 h4 21.
Qxd6+ Rxd6 22. Nf4 Bf7 23. Rfe1 Kc7 24. f3 Re8 25. Rxe8 Bxe8 26. a4 Rd7 27. Rc1
Kd6 28. a5 Rc7 29. Kf2 b6 30. axb6 axb6 31. Ra1 c5 32. bxc5+ bxc5 33. Ra6+ Rc6
34. dxc5+ Ke5 35. Ra4 Kf5 36. Nd3 Kg5 37. Rg4+ Kh5 38. Ke3 f5 39. Nf4+ Kh6 40.
Rxh4+ Kg5 41. Rh8 1-0

[Event "YUG-chT 41st"]
[Site "Zlatibor"]
[Date "1989.09.??"]
[Round "7"]
[White "Cvitan, Ognjen"]
[Black "Velimirovic, Dragoljub"]
[Result "0-1"]
[WhiteElo "2515"]
[BlackElo "2535"]
[PlyCount "104"]
[EventDate "1989.09.??"]
[EventType "team"]
[EventRounds "9"]
[EventCountry "YUG"]
[Source "ChessBase"]
[SourceDate "1999.11.16"]
[WhiteTeam "Belgrade JIK"]
[BlackTeam "Crvena Zvezda"]
[WhiteTeamCountry "YUG"]
[BlackTeamCountry "YUG"]

1. d4 c5 2. d5 Nf6 3. c4 e6 4. Nc3 exd5 5. cxd5 d6 6. e4 g6 7. f4 Bg7 8. Bb5+
Nfd7 9. Nf3 a6 10. Bd3 b5 11. O-O O-O 12. Kh1 c4 13. Bc2 b4 14. Na4 Nf6 15. Be3
Nbd7 16. Bd4 Re8 17. Re1 Bh6 18. g3 a5 19. Rc1 Bb7 20. Bb1 Rc8 21. Nd2 Ba6 22.
Qf3 Bb5 23. b3 c3 24. Nf1 Qe7 25. Ne3 Bg7 26. Ng2 Bxa4 27. bxa4 Nc5 28. Bc2
Nfd7 29. Bf2 Qd8 30. h4 Nb6 31. h5 Nc4 32. hxg6 hxg6 33. Bxc5 Rxc5 34. Qg4 Bf6
35. Nh4 Bxh4 36. gxh4 Kg7 37. Re2 Rh8 38. Rh2 Ne3 39. Qf3 Nxc2 40. Rcxc2 Qe7
41. Qd3 Rxh4 42. Qd4+ Kg8 43. Kg1 Rc8 44. Rcg2 Re8 45. Re2 Rxh2 46. Rxh2 f6 47.
Re2 Kg7 48. a3 Qc7 49. e5 fxe5 50. fxe5 Qc5 51. Qxc5 dxc5 52. d6 Kf7 0-1

[Event "YUG-chT 41st"]
[Site "Zlatibor"]
[Date "1989.09.??"]
[Round "8"]
[White "Velimirovic, Dragoljub"]
[Black "Kovacevic, Vlatko"]
[Result "1/2-1/2"]
[WhiteElo "2535"]
[BlackElo "2510"]
[PlyCount "57"]
[EventDate "1989.09.??"]
[EventType "team"]
[EventRounds "9"]
[EventCountry "YUG"]
[Source "ChessBase"]
[SourceDate "1999.11.16"]
[WhiteTeam "Crvena Zvezda"]
[BlackTeam "Mladost"]
[WhiteTeamCountry "YUG"]
[BlackTeamCountry "YUG"]

1. e4 e6 2. d4 d5 3. Nc3 Nf6 4. Bg5 Be7 5. e5 Nfd7 6. h4 Bxg5 7. hxg5 Qxg5 8.
Rh5 Qe7 9. Qg4 f5 10. Qh3 Nf8 11. O-O-O Bd7 12. g4 fxg4 13. Qxg4 Nc6 14. Rg5
Rg8 15. Nge2 O-O-O 16. Nf4 Kb8 17. Nh5 Qf7 18. Bb5 Qxf2 19. Nf6 h6 20. Rxg7
Rxg7 21. Qxg7 Nxd4 22. Rxd4 Bxb5 23. Qe7 Rc8 24. Nxb5 Qf1+ 25. Kd2 Qxb5 26. Rg4
Qxb2 27. Rg8 Qd4+ 28. Kc1 Qe3+ 29. Kd1 1/2-1/2

[Event "YUG-chT 41st"]
[Site "Zlatibor"]
[Date "1989.09.??"]
[Round "9"]
[White "Velimirovic, Dragoljub"]
[Black "Mestrovic, Zvonimir"]
[Result "1/2-1/2"]
[WhiteElo "2535"]
[BlackElo "2395"]
[PlyCount "129"]
[EventDate "1989.09.??"]
[EventType "team"]
[EventRounds "9"]
[EventCountry "YUG"]
[Source "ChessBase"]
[SourceDate "1999.11.16"]
[WhiteTeam "Crvena Zvezda"]
[BlackTeam "SSK"]
[WhiteTeamCountry "YUG"]
[BlackTeamCountry "YUG"]

1. Nc3 c5 2. Nf3 Nc6 3. g3 g6 4. Bg2 Bg7 5. d3 d6 6. Bd2 Nh6 7. Qc1 Nf5 8. Nd1
h5 9. c3 e5 10. e4 Nfe7 11. O-O Bg4 12. Ne3 Qd7 13. Nxg4 hxg4 14. Ne1 O-O-O 15.
f3 gxf3 16. Nxf3 f5 17. a3 d5 18. Bg5 c4 19. exd5 Qxd5 20. d4 e4 21. Ne1 Qe6
22. Nc2 Na5 23. Qe1 Bh6 24. Bxh6 Rxh6 25. Ne3 Rdh8 26. h3 Nd5 27. Rd1 Nc6 28.
b3 Nce7 29. Nxd5 Qxd5 30. Qe3 Kb8 31. Qg5 R6h7 32. Rfe1 cxb3 33. Bf1 Qd6 34. c4
Rh5 35. Qe3 g5 36. Rb1 Nc6 37. Red1 Re8 38. c5 Qc7 39. d5 f4 40. d6 Qa5 41. d7
Rd8 42. gxf4 gxf4 43. Qxf4+ Ka8 44. Rxb3 Qxc5+ 45. Kh1 Rg5 46. Rg3 Re5 47. Qe3
Qe7 48. Bg2 a6 49. Rg4 Rxd7 50. Rxd7 Qxd7 51. Bxe4 Qe6 52. Qd3 Rc5 53. Bg2 Ne5
54. Rg8+ Ka7 55. Qe3 Qb6 56. Rg7 Nc6 57. a4 Na5 58. Rf7 Rc4 59. Qe8 Rc1+ 60.
Rf1 Rxf1+ 61. Bxf1 Qd4 62. Bg2 Kb6 63. Qe4 Qd1+ 64. Kh2 Qd6+ 65. Kh1 1/2-1/2

[Event "Kusadasi op"]
[Site "Kusadasi"]
[Date "1990.??.??"]
[Round "3"]
[White "Novikov, Igor"]
[Black "Velimirovic, Dragoljub"]
[Result "1-0"]
[WhiteElo "2550"]
[BlackElo "2525"]
[PlyCount "87"]
[EventDate "1990.??.??"]
[Source "ChessBase"]
[SourceDate "1999.11.16"]
[WhiteTeamCountry "YUG"]
[BlackTeamCountry "YUG"]

1. d4 Nf6 2. c4 c5 3. d5 g6 4. Nc3 Bg7 5. e4 O-O 6. Nf3 d6 7. Bd3 e6 8. O-O
exd5 9. cxd5 Bg4 10. h3 Bxf3 11. Qxf3 Nbd7 12. Qd1 Re8 13. Re1 a6 14. a4 Rc8
15. a5 c4 16. Bc2 Rc5 17. Bf4 Bf8 18. Ra4 Ne5 19. Qa1 Nfd7 20. Be3 Bg7 21. Bxc5
Nxc5 22. Ra3 Qh4 23. Re2 Ncd3 24. Qf1 Nxb2 25. Na4 Nbd3 26. Nb6 c3 27. Re3 Nc5
28. Raxc3 Ned7 29. Nxd7 Bxc3 30. Nxc5 Bd4 31. Nxb7 Bxe3 32. fxe3 Qe7 33. Qxa6
Rc8 34. Bd3 Rc1+ 35. Bf1 Qxe4 36. Qe2 Qxd5 37. a6 Ra1 38. Qf3 Qd3 39. Nd8 Qb3
40. Nc6 Qb6 41. Kh2 Qc7 42. Qf6 d5+ 43. Kg1 Rd1 44. a7 1-0

[Event "Kusadasi op"]
[Site "Kusadasi"]
[Date "1990.??.??"]
[Round "5"]
[White "Velimirovic, Dragoljub"]
[Black "Ziatdinov, Raset"]
[Result "1/2-1/2"]
[WhiteElo "2525"]
[BlackElo "2440"]
[PlyCount "74"]
[EventDate "1990.??.??"]
[Source "ChessBase"]
[SourceDate "1999.11.16"]
[WhiteTeamCountry "YUG"]
[BlackTeamCountry "YUG"]

1. e4 e5 2. Nf3 Nc6 3. d4 exd4 4. c3 d5 5. exd5 Qxd5 6. cxd4 Bg4 7. Be2 Bb4+ 8.
Nc3 Bxf3 9. Bxf3 Qc4 10. Bxc6+ bxc6 11. Qe2+ Qxe2+ 12. Kxe2 Ne7 13. Be3 Nf5 14.
Rhd1 O-O-O 15. Rd3 Rhe8 16. Rad1 c5 17. dxc5 Rxd3 18. Rxd3 Bxc5 19. Nd1 Re6 20.
Kd2 Nxe3 21. Nxe3 Rb6 22. b3 Rh6 23. h3 Rf6 24. Ke2 Re6 25. f4 g6 26. g4 f5 27.
Kf3 fxg4+ 28. hxg4 h5 29. gxh5 gxh5 30. Nc4 Rh6 31. f5 Rh8 32. Rd5 Bb4 33. Ne5
h4 34. Rd1 h3 35. Rh1 Rh7 36. Nc4 h2 37. Kg2 Rh5 1/2-1/2

[Event "Kusadasi op"]
[Site "Kusadasi"]
[Date "1990.??.??"]
[Round "9"]
[White "Velimirovic, Dragoljub"]
[Black "Kraidman, Yair"]
[Result "1/2-1/2"]
[WhiteElo "2525"]
[BlackElo "2415"]
[PlyCount "77"]
[EventDate "1990.??.??"]
[Source "ChessBase"]
[SourceDate "1999.11.16"]
[WhiteTeamCountry "YUG"]
[BlackTeamCountry "YUG"]

1. e4 e5 2. Nf3 Nc6 3. Bb5 a6 4. Ba4 Nf6 5. O-O Be7 6. Re1 b5 7. Bb3 d6 8. c3
O-O 9. h3 Bb7 10. d4 Re8 11. a4 h6 12. Nh4 Na5 13. Bc2 Bf8 14. dxe5 Rxe5 15.
Nd2 Nc4 16. Nhf3 Re8 17. b3 Nxd2 18. Nxd2 g6 19. Bb2 Bg7 20. Bd3 Bc6 21. f4 Nd7
22. axb5 axb5 23. Rxa8 Qxa8 24. b4 Nb6 25. Qc2 Re7 26. Rf1 f5 27. exf5 Bxg2 28.
Rf2 Re1+ 29. Nf1 Bxf1 30. Rxf1 Re3 31. Bc1 Rxh3 32. Be4 Qd8 33. Bg2 Rxc3 34.
Qe4 gxf5 35. Qe6+ Kh7 36. Qxf5+ Kh8 37. Re1 Bd4+ 38. Kf1 Qg8 39. Bb2 1/2-1/2

[Event "YUG-Cup"]
[Site "Svetozarevo"]
[Date "1990.??.??"]
[Round "?"]
[White "Velimirovic, Dragoljub"]
[Black "Aleksic, Nenad"]
[Result "0-1"]
[WhiteElo "2525"]
[BlackElo "2415"]
[PlyCount "61"]
[EventDate "1990.??.??"]
[EventType "swiss"]
[EventRounds "9"]
[EventCountry "YUG"]
[Source "ChessBase"]
[SourceDate "1996.11.15"]
[WhiteTeamCountry "YUG"]
[BlackTeamCountry "YUG"]

1. e4 c5 2. Nf3 d6 3. d4 cxd4 4. Nxd4 Nf6 5. Nc3 a6 6. Bc4 e6 7. Be3 Qc7 8. Bb3
Nbd7 9. f4 Nc5 10. f5 Be7 11. Qf3 O-O 12. O-O b5 13. a3 Nxb3 14. cxb3 e5 15.
Nde2 Bb7 16. Ng3 Rac8 17. Rad1 Rfd8 18. Nh5 Bc6 19. Rd3 b4 20. axb4 Qb7 21. Bh6
Nxh5 22. Qxh5 f6 23. Rh3 Bf8 24. Be3 h6 25. Qg4 Kf7 26. Rg3 Ke8 27. Qh5+ Qf7
28. Qe2 Qb7 29. Ra1 Ra8 30. Ra5 Qxb4 31. Rxa6 0-1

[Event "YUG-Cup"]
[Site "Svetozarevo"]
[Date "1990.??.??"]
[Round "?"]
[White "Velimirovic, Dragoljub"]
[Black "Djukic, Zeljko"]
[Result "1-0"]
[WhiteElo "2525"]
[BlackElo "2410"]
[PlyCount "59"]
[EventDate "1990.??.??"]
[EventType "swiss"]
[EventRounds "9"]
[EventCountry "YUG"]
[Source "ChessBase"]
[SourceDate "1996.11.15"]
[WhiteTeamCountry "YUG"]
[BlackTeamCountry "YUG"]

1. e4 c5 2. Nf3 Nc6 3. d4 cxd4 4. Nxd4 Qb6 5. Nb3 Nf6 6. Nc3 e6 7. Bd3 d6 8.
Be3 Qc7 9. f4 a6 10. Qe2 Be7 11. O-O-O b5 12. Kb1 Bb7 13. g4 Nd7 14. g5 Nc5 15.
Rhg1 b4 16. Nd5 exd5 17. exd5 Nxd3 18. dxc6 Bxc6 19. Qxd3 O-O 20. Nd4 Rfe8 21.
Qc4 Rac8 22. Qxc6 Qxc6 23. Nxc6 Rxc6 24. Rge1 f5 25. Bd4 Kf7 26. Rd3 Rcc8 27.
a3 a5 28. a4 d5 29. Re5 Bd6 30. Rxd5 1-0

[Event "YUG-chT"]
[Site "Cetinje"]
[Date "1990.??.??"]
[Round "1"]
[White "Velimirovic, Dragoljub"]
[Black "Rajkovic, Dusan"]
[Result "1/2-1/2"]
[WhiteElo "2525"]
[BlackElo "2460"]
[PlyCount "39"]
[EventDate "1990.??.??"]
[EventType "team"]
[EventRounds "9"]
[EventCountry "YUG"]
[Source "ChessBase"]
[SourceDate "1996.11.15"]
[WhiteTeamCountry "YUG"]
[BlackTeamCountry "YUG"]

1. e4 c5 2. Nf3 d6 3. d4 Nf6 4. Nc3 cxd4 5. Nxd4 e5 6. Bb5+ Nbd7 7. Nf5 a6 8.
Be2 Nc5 9. Bg5 Ncxe4 10. Nxg7+ Bxg7 11. Nxe4 Qa5+ 12. Qd2 Qxd2+ 13. Nxd2 d5 14.
c4 Be6 15. f4 exf4 16. Bxf4 Rc8 17. O-O O-O 18. Be5 Ne4 19. Bxg7 Kxg7 20. Nxe4
1/2-1/2

[Event "YUG-chT"]
[Site "Cetinje"]
[Date "1990.??.??"]
[Round "2"]
[White "Velimirovic, Dragoljub"]
[Black "Gostisa, Leon"]
[Result "1-0"]
[WhiteElo "2525"]
[BlackElo "2370"]
[PlyCount "113"]
[EventDate "1990.??.??"]
[EventType "team"]
[EventRounds "9"]
[EventCountry "YUG"]
[Source "ChessBase"]
[SourceDate "1996.11.15"]
[WhiteTeamCountry "YUG"]
[BlackTeamCountry "YUG"]

1. e4 c5 2. Nf3 Nc6 3. d4 cxd4 4. Nxd4 e5 5. Nb5 d6 6. N1c3 a6 7. Na3 b5 8. Nd5
Nce7 9. c4 Nxd5 10. exd5 bxc4 11. Nxc4 Be7 12. Bd2 a5 13. Be3 Rb8 14. Rc1 Bd7
15. f4 e4 16. Qd2 a4 17. Ba7 Rb5 18. Bd4 Nf6 19. Ne3 Ra5 20. Bc4 O-O 21. O-O
Ra8 22. Kh1 h6 23. Rc3 Nh7 24. f5 Bg5 25. Qe2 Bf6 26. Nc2 Re8 27. Re3 Rc8 28.
b3 axb3 29. axb3 Bxd4 30. Nxd4 Nf6 31. g4 Qb6 32. Nc2 Re5 33. Rg3 Nh7 34. Ne3
Qd8 35. Qf2 Ra8 36. Ng2 Qf6 37. h4 Rae8 38. Qe3 Qd8 39. Kh2 Kh8 40. Rf2 h5 41.
g5 Bxf5 42. Qd4 Kg8 43. Ne3 Bd7 44. Be2 g6 45. Qd1 Qb6 46. Bxh5 gxh5 47. Qxh5
R5e7 48. g6 fxg6 49. Qxg6+ Kh8 50. Rf7 Rxf7 51. Qxf7 Qd4 52. Qxd7 Qb2+ 53. Ng2
Qe5 54. Nf4 Rg8 55. Rxg8+ Kxg8 56. Qe6+ Kg7 57. Qxe5+ 1-0